| 000 | 00410nam a2200157 a 4500 | ||
|---|---|---|---|
| 001 | 14483 | ||
| 005 | 20180713202958.0 | ||
| 008 | 140415s1975 sp 000 0 spa d | ||
| 041 | _aspa | ||
| 082 |
_a111.1 _bALC |
||
| 100 | 1 | _aALCORTA, JOSE IGNACIO | |
| 245 | 1 | 3 | _aEL SER CONOCER TRASCENDENTAL |
| 260 |
_aESPAÑA : _bHERDER, _c1975 |
||
| 300 | _a335 | ||
| 650 | 1 | 4 |
_aEXISTENCIALISMO _xONTOLOGIA |
| 999 |
_c14483 _d14483 |
||